| Tag |
First Indicator |
Second Indicator |
Subfields |
| LEADER |
00000cam a2200000 a 4500 |
| 001 |
in00003441821 |
| 005 |
20151206103228.0 |
| 008 |
820414s1981 cauab b 00010 eng d |
| 035 |
|
|
|a (OCoLC)ocm08335806
|
| 040 |
|
|
|a GZN
|c GZN
|d TNY
|d UtOrBLW
|
| 090 |
|
|
|a AS36.R3
|b N-1500/11- NETH
|
| 100 |
1 |
|
|a Wegner, Louis H.
|
| 245 |
1 |
0 |
|a Water distribution model /
|c L.H. Wegner.
|
| 264 |
|
1 |
|a Santa Monica, Calif. :
|b Rand Corporation,
|c 1981.
|
| 300 |
|
|
|a xxii, 228 pages :
|b illustrations, maps ;
|c 28 cm.
|
| 336 |
|
|
|a text
|b txt
|2 rdacontent
|
| 337 |
|
|
|a unmediated
|b n
|2 rdamedia
|
| 338 |
|
|
|a volume
|b nc
|2 rdacarrier
|
| 490 |
1 |
|
|a Policy analysis of water management for the Netherlands ;
|v v. 11
|
| 490 |
1 |
|
|a A Rand note ;
|v N-1500/11-NETH
|
| 500 |
|
|
|a Prepared for the Netherlands Rijkswaterstaat.
|
| 504 |
|
|
|a Includes bibliographies.
|
| 650 |
|
0 |
|a Water
|x Distribution
|x Mathematical models.
|
| 650 |
|
0 |
|a Water resources development
|z Netherlands
|x Mathematical models.
|
| 710 |
1 |
|
|a Netherlands.
|b Rijkswaterstaat.
|
| 710 |
2 |
|
|a Rand Corporation.
|
| 830 |
|
0 |
|a Policy analysis of water management for the Netherlands ;
|v v. 11.
|
| 830 |
|
0 |
|a Rand note ;
|v N-1500/11-NETH.
|
| 999 |
|
|
|a MARS
|
| 999 |
f |
f |
|s 4c45a857-0207-32f6-80c5-3156aa500922
|i 09b01bae-aa7f-3e7e-85f6-4e38502f5ccc
|t 0
|
| 952 |
f |
f |
|p ric
|a Texas A&M University
|b Rellis Campus
|c Joint Library Facility
|d Remote Storage
|t 0
|e AS36.R3 N-1500/11- NETH
|h Library of Congress classification
|i unmediated -- volume
|m 32060002341945
|
| 998 |
f |
f |
|a AS36.R3 N-1500/11- NETH
|t 0
|l Remote Storage
|